| 000 | 00353cam a2200133u 4500 | ||
|---|---|---|---|
| 082 |
_a356.1 _bHAR _cD |
||
| 100 | 1 | _aLiddell Hart, Basil Henry, | |
| 245 | 1 | 4 | _aThe future of infantry, |
| 260 |
_aLondon, _bFaber & Faber limited _c[1933] |
||
| 300 |
_a83 p. _c18 cm. |
||
| 526 |
_a0 _b0 _c0 _d356_100000000000000_HAR |
||
| 650 |
_aMCE _9379 |
||
| 942 |
_2ddc _cBK |
||
| 999 |
_c552460 _d552460 |
||